Statistics for Formula 1 Drivers' Champions by year

Click here to take the quiz!

General Stats

  • This quiz has been taken 755 times
    (163 since last reset)
  • The average score is 53 of 74

Answer Stats

HintAnswer% Correct
1951Juan Manuel Fangio
89%
1950Giuseppe Farina
87%
1952Alberto Ascari
85%
1954Juan Manuel Fangio
85%
1955Juan Manuel Fangio
85%
1953Alberto Ascari
84%
1956Juan Manuel Fangio
84%
1957Juan Manuel Fangio
84%
2001Michael Schumacher
82%
2000Michael Schumacher
82%
2006Fernando Alonso
81%
2005Fernando Alonso
81%
2020Lewis Hamilton
81%
2018Lewis Hamilton
81%
2019Lewis Hamilton
81%
2021Max Verstappen
81%
2003Michael Schumacher
81%
2002Michael Schumacher
81%
2013Sebastian Vettel
81%
2017Lewis Hamilton
80%
2015Lewis Hamilton
80%
2022Max Verstappen
80%
2023Max Verstappen
80%
2004Michael Schumacher
80%
2012Sebastian Vettel
80%
2011Sebastian Vettel
80%
2014Lewis Hamilton
79%
1995Michael Schumacher
79%
2016Nico Rosberg
79%
2010Sebastian Vettel
79%
2008Lewis Hamilton
78%
1994Michael Schumacher
78%
2007Kimi Räikkönen
77%
2009Jenson Button
76%
1998Mika Häkkinen
76%
1999Mika Häkkinen
76%
1958Mike Hawthorn
73%
1993Alain Prost
72%
1991Ayrton Senna
72%
1996Damon Hill
72%
1997Jacques Villeneuve
71%
1990Ayrton Senna
70%
1992Nigel Mansell
68%
1989Alain Prost
67%
1988Ayrton Senna
67%
1961Phil Hill
67%
1962Graham Hill
65%
1960Jack Brabham
65%
1959Jack Brabham
65%
1986Alain Prost
63%
1982Keke Rosberg
63%
1987Nelson Piquet
63%
1974Emerson Fittipaldi
62%
1973Jackie Stewart
62%
1963Jim Clark
62%
1968Graham Hill
61%
1966Jack Brabham
61%
1971Jackie Stewart
61%
1976James Hunt
61%
1964John Surtees
61%
1978Mario Andretti
61%
1975Niki Lauda
61%
1977Niki Lauda
61%
1972Emerson Fittipaldi
60%
1969Jackie Stewart
60%
1965Jim Clark
60%
1970Jochen Rindt
60%
1981Nelson Piquet
60%
1985Alain Prost
59%
1980Alan Jones
59%
1979Jody Scheckter
59%
1983Nelson Piquet
59%
1984Niki Lauda
59%
1967Denny Hulme
56%

Score Distribution

Percentile by Number Answered

Percent of People with Each Score

Your Score History

You have not taken this quiz since the last reset